000 00793nam a2200241Ia 4500
003 GCL
008 140319s9999 xx 000 0 ara d
020 _a6215293977
040 _aGCL /
_cGCL
082 0 4 _a370.118
_bا ا
100 1 _aاسماعيل عبدالفتاح
245 1 0 _aالابتكار وتنميته لدى أطفالنا /
_cاسماعيل عبدالفتاح
260 _aالقاهرة :
_bمكتبة الدار العربية للكتاب ،
_c2003
300 _a303 ص ؛
_c24 سم
650 0 4 _aرياض الاطفال
650 0 4 _aالتقليد
650 0 4 _aالاباء والابناء
650 0 4 _aالقدرة الخلاقة
650 0 4 _aالابتكار
650 0 4 _aالابداع
650 0 4 _aالاطفال - تعليم
942 _2ddc
_cBK
999 _c33249
_d33249